Statistiques concernant Footballeurs français par nombre de sélections

Cliquez ici pour prendre le quiz!

Statistiques générales

  • Ce quiz a été pris 2 601 fois
    (1 439 depuis la dernière actualisation)
  • Le résultat moyen est 19 sur 40

Statistiques - réponses

Réponse% Correct
Hugo Lloris (145)
97%
Olivier Giroud (122)
92%
Antoine Griezmann (119)
91%
Kylian Mbappé (68)
89%
Zinédine Zidane (108)
86%
Thierry Henry (123)
84%
Fabien Barthez (87)
82%
Raphaël Varane (93)
80%
Karim Benzema (97)
79%
Paul Pogba (91)
79%
Lilian Thuram (142)
78%
N'Golo Kanté (53)
71%
Didier Deschamps (103)
68%
Laurent Blanc (97)
66%
Patrice Évra et Franck Ribéry (81)
64%
Franck Ribéry (81)
55%
Marcel Desailly (116)
54%
Bixente Lizarazu (97)
50%
David Trezeguet (71)
50%
Blaise Matuidi (84)
45%
Patrice Évra (81)
45%
Patrick Vieira (107)
40%
Bernard Lama (44)
38%
Claude Makélélé (71)
32%
Mathieu Valbuena (52)
32%
Jean Djorkaeff (48)
31%
Nicolas Anelka (69)
28%
Bacary Sagna (65)
23%
Sylvain Wiltord (92)
21%
Moussa Sissoko (71)
18%
Éric Abidal (67)
17%
Florent Malouda (80)
17%
Robert Jonquet et Willy Sagnol (58)
17%
Marius Trésor (65)
15%
William Gallas (84)
14%
Joël Bats (50)
13%
Manuel Amoros (82)
7%
Henri Michel (58)
3%
Georges Carnus (36)
2%
Étienne Mattler (46)
0%

Distribution des résultats

Percentile par nombre de réponses

% des personnes avec chaque résultat

Votre développement - résultats

Vous n’avez pas pris ce quiz depuis la dernière actualisation